00816cam a22002417a 4500999001500000001000600015003000900021005001700030008004100047020001800088040005700106082001600163100001800179245006000197250001700257260004700274300004600321504005300367650000900420700001900429942001200448952011400460 c2273d227315182BD-DhUAP20200222151150.0200222s2009 enka bf 001 0 eng  a9781856695794 aUKMcUKMdOHXdAZSdSYBdOCLCQdBAKERdBD-DhUAPbEng04a709 HON223 aHonour, Hugh.00aA world history of art /cHugh Honour and John Fleming. a7th rev. ed. aLondon :bLaurece King Publishing,cc2009. axii, 984 pages :billustrations ;c31 cm. aIncludes bibliographical references and indexes. aArt. aFleming, John. 2ddccBK 00102ddc4070aUAPCLbUAPCLcGeneral Stacksd2020-02-22o709 HONp3010015182r2020-02-22t1w2020-02-22yBK